000 00845nas a2200313 4500
001 BR0002775
003 BR-BrBNA
005 20231205101859.0
007 ta
008 230509b bl.|||p| |||| 00| 00por d
040 _aBR-BrBNA
_bpor
_cBiblioteca Nacional de Agricultura
041 _a(Pt)
072 _aL72; L73
100 1 _aSoares, C.O.
100 1 _aIshikawa, M.M.
100 1 _aFonseca, A.H.
100 1 _aYoshinari, N.H.
245 1 _aBorrelioses, agentes e vetores
650 _aCarrapato
650 _aBovino
650 _aFebre
650 _aAborto
650 _aEpidemiologia
650 _aEspiroquetose
650 _aVetor
773 0 _tPesquisa Veterinaria Brasileira (Brazil)
_xISSN 0100-736X
_g(Jan-Mar 2000), v. 20(1) p. 1-19
_wBR0002775
909 _a202311
_bLúcia
_c55
_dLúcia Elande
942 _2AGRIS
_n0
_cANA
999 _c164488
_d164488